Loading...
| History - Other | 0 | 7 | 0 | 0 | 70 | 44 | 56.14 | 3 | 7 | 0.00 | 0.00 |
| Religion | 0 | 6 | 0 | 2 | 60 | 39 | 69.83 | 1 | 5 | 0.00 | 0.00 |
| History - European | 0 | 6 | 0 | 0 | 60 | 13 | 31.33 | 3 | 4 | 0.00 | 0.00 |
| Mythology | 0 | 5 | 0 | 1 | 50 | 27 | 56.60 | 1 | 4 | 0.00 | 0.00 |
| Literature - British | 0 | 5 | 0 | 0 | 50 | 51 | 60.40 | 1 | 4 | 0.00 | 0.00 |
| Fine Arts - Painting and Sculpture | 0 | 4 | 1 | 0 | 35 | 61 | 90.25 | 0 | 2 | 0.00 | 0.00 |
| Fine Arts - Other | 0 | 3 | 0 | 1 | 30 | 54 | 72.33 | 0 | 1 | 0.00 | 0.00 |
| Philosophy | 0 | 3 | 0 | 0 | 30 | 53 | 60.33 | 0 | 3 | 0.00 | 0.00 |
| Literature - American | 0 | 3 | 0 | 0 | 30 | 23 | 35.00 | 1 | 3 | 0.00 | 0.00 |
| Literature - World | 0 | 3 | 0 | 0 | 30 | 77 | 86.67 | 1 | 1 | 0.00 | 0.00 |
| Social Science | 0 | 2 | 0 | 1 | 20 | 56 | 82.50 | 0 | 1 | 0.00 | 0.00 |
| History - World | 0 | 2 | 0 | 0 | 20 | 48 | 61.50 | 1 | 1 | 0.00 | 0.00 |
| Literature - European | 0 | 2 | 0 | 0 | 20 | 45 | 57.50 | 1 | 2 | 0.00 | 0.00 |
| Science - Chemistry | 0 | 2 | 0 | 1 | 20 | 84 | 92.00 | 0 | 1 | 0.00 | 0.00 |
| Science - Biology | 0 | 1 | 0 | 1 | 10 | 100 | 100.00 | 0 | 0 | 0.00 | 0.00 |
| Geography | 0 | 1 | 0 | 0 | 10 | 69 | 69.00 | 0 | 0 | 0.00 | 0.00 |
| History - American | 0 | 1 | 0 | 1 | 10 | 85 | 85.00 | 0 | 1 | 0.00 | 0.00 |
| Science - Physics | 0 | 0 | 1 | 0 | -5 | 0.00 | 0 | 0 | 0.00 | 0.00 |